| 000 | 00506nam a2200145 a 4500 | ||
|---|---|---|---|
| 001 | 000031251 | ||
| 005 | 20250701121838.0 | ||
| 008 | 110615s2007 dr 000 0 spa d | ||
| 040 |
_aDO-SdBNP _bspa _cBNPHU |
||
| 110 | 1 |
_aRepública Dominicana. _bSecretaría de Estado de Educación Superior, Ciencia y Tecnología _918778 |
|
| 245 | 1 | 0 | _aReglamento para la evaluación y aprobación de carreras a nivel de grado/. |
| 260 |
_aSanto Domingo : _bSEESCy T, _c2007. |
||
| 300 |
_a37 p. ; _c22 cm. |
||
| 049 | _aBNPD | ||
| 999 |
_c30743 _d30743 |
||